Víctor Carpaccio
Збережено в:
| Автор: | |
|---|---|
| Формат: | Книга |
| Мова: | Іспанська |
| Опубліковано: |
Buenos Aires
Codex
1964
|
| Серія: | Pinacoteca de los Genios, 24
|
| Предмети: | |
| Теги: |
Додати тег
Немає тегів, Будьте першим, хто поставить тег для цього запису!
|
MARC
| LEADER | 00000nam a2200000 a 4500 | ||
|---|---|---|---|
| 001 | UCM1831 | ||
| 003 | CL-VaPUC | ||
| 008 | 020412e19640000AG |||||||||||||||||spa|d | ||
| 082 | 0 | 4 | |a 759.03 |b PIG |2 21 |
| 100 | 0 | |a Pignatti, Terisio |e author |9 468752 | |
| 245 | 1 | 0 | |a Víctor Carpaccio |
| 300 | |a 16 p | ||
| 942 | |c BK | ||
| 945 | |d 20020412 00:00:00 |a cmena | ||
| 260 | |a Buenos Aires |b Codex |c 1964 | ||
| 500 | |a Incluye: El juicio del siglo XX | ||
| 600 | 0 | 7 | |a CARPACCIO, VITTORE |2 CL-VaPUC |9 333616 |
| 650 | 0 | |a Pintura renacentista |9 266314 | |
| 650 | 0 | |a Obras ilustradas |9 265022 | |
| 650 | 0 | |a Pintura italiana |9 265293 | |
| 651 | 0 | |a Italia |9 254949 | |
| 583 | |a last modification |c 20020412 00:00:00 |k Rodrigo Vera | ||
| 490 | 0 | |a Pinacoteca de los Genios, 24 | |
| 999 | |c 300061 |d 300059 | ||
| 952 | |0 0 |1 0 |2 ddc |4 0 |6 759_030000000000000_PIG_1964 |7 0 |8 A |9 357345 |a BIBART |b BIBART |d 2019-11-21 |i 3807681 |o 759.03 PIG 1964 |p 3807681 |r 2025-03-13 |w 2019-11-21 |y BK |k ART | ||